| 000 | 00814nam a2200229 a 4500 | ||
|---|---|---|---|
| 005 | 20210219160045.0 | ||
| 008 | 080624s1981 mx r 000 0 spa d | ||
| 020 | _a9231018752 | ||
| 035 | _aUPN01000157503 | ||
| 049 | _aUNE | ||
| 082 | 1 | 4 | _a338 (100) =20 MET. |
| 245 | 0 |
_aMethods for development planning ; Scenarios, models and micro : _bstudes. |
|
| 260 |
_aParís : _bThe UNESCO Press, _c1981. |
||
| 300 |
_a269 p. : _bil. |
||
| 500 | _aIncluye bibliografía | ||
| 690 | _aModelos económicos - Planificación del desarrollo | ||
| 690 | _aIndicadores economicos - Desarrollo industrial | ||
| 690 | _aSubdesarrollo - Indicadores socioeconomicos | ||
| 710 | 2 | _aUNESCO | |
| 711 | 2 | _aSeminar - Workshop on Global Modelling Techniques and Socio-economic Indicators, Brighton, UK, 1978 | |
| 905 | _aUNESCO | ||
| 999 |
_c129617 _d129617 |
||